Podpisywanie klubów piłkarskich #1 - Statystyki

Ogólne statystyki
  • Ten quiz został rozwiązany 67 razy
  • Średni wynik to 16 z 20
Statystyki odpowiedzi
Obrazkowy Odpowiedź % Poprawnych
Paris Saint-Germain
100%
Lech Poznań
98%
Sporting CP
97%
Manchester City
95%
AS Monaco
93%
PSV Eindhoven
92%
Inter Miami
88%
AC Milan
78%
Ajax Amsterdam
78%
Atletico Madryt
78%
Bayern Monachium
77%
FC Porto
77%
Real Madryt
77%
Lechia Gdańsk
73%
Celtic F.C.
72%
Young Boys
72%
SC Freiburg
68%
Fiorentina
67%
Nottingham Forest
63%
Sparta Praga
60%
Nie znaleziono quizów pasujących do podanych kryteriów
Rozkład punktacji
Procent ludzi z każdym wynikiem
Percentyl według liczby udzielonych odpowiedzi
Twoja historia wyników
Nie rozwiązałeś tego quizu